000 00706nam a2200253Ia 4500
003 OSt
005 20220918223424.0
006 a|||||r|||| 00| 0
007 ta
008 220917b |||||||| |||| 00| 0 eng d
024 _a222,448
037 _cTextual
040 _aARTS
_cARTS
_beng
041 _2eng
_aeng
082 _aA:(Y).63, P0
100 _aDubow Saul Ed.
_9145695
245 0 _aScience and society in Southern Africa
260 _aMachester
_bMachester University Press USA
_c2000
300 _ax, 241p
_ccm.
490 _aStudies in imperialism
650 _aSCIENCE; SOCIOLOGY
_9145696
942 _hA:(Y).63, P0
_cTEXL
_2CC
999 _c278387
_d278387